000 006530000a22001810004500
003 MACL
005 20160608150123.0
008 160608b xxu||||| |||| 00| 0 eng d
040 _aMACL
_cMACL
041 _aHindi
082 _a954
100 _aरहीम, तकी
_963118
245 _aस्‍वतंत्रता आन्‍दोलन में बिहार के मुसलमानों का योगदान
_cतकी रहीम
260 _bखुदाबख्‍श ओरियन्‍टल पब्लिक
_c2000
_aपटना
350 _a80
650 _aHistory
_963119
942 _cHIN
_k954
_2ddc
999 _c18538
_d18538